000 00716nam a2200289Ia 4500
005 20260324124637.0
008 008 260324s9999 xx 000 0 eng d
020 _a9780203846247
037 _aEBOOK
040 _aCRL
040 _beng
040 _cCRL
041 _2eng
041 _aeng
084 _qCRL
100 _aPatrick Finney
_91174954
245 0 _aRemembering the Road to World War Two
245 0 _bInternational History, National Identity, Collective Memory
260 _bTaylor and Francis
260 _c2010
365 _a
365 _b255
856 _uhttp://www.taylorfrancis.com/books/9780203846247
942 _cEBOOK
999 _c1769494
_d1769494